000
00256nam a2200109Ia 4500
008
200302s9999 xx 000 0 und d
100
_a
R. Barry
245
_a
The Construction Building Vol 1
260
_b
Orient Longman Ltd.
260
_c
1999
300
_a
170 P.,
999
_c
33
_d
33